| 000 | 00470nam a2200169Ia 4500 | ||
|---|---|---|---|
| 999 |
_c29504 _d29504 |
||
| 003 | OSt | ||
| 005 | 20201124104721.0 | ||
| 008 | 190216s9999||||xx |||||||||||||| ||und|| | ||
| 040 | _coclc | ||
| 082 |
_a894.8123 _bBAB/M |
||
| 100 |
_aBabuji, Mezhuveli _96518 |
||
| 245 | 0 |
_aMetroblast / _cMezhuveli Babuji |
|
| 260 |
_bC I C C Book House, _aKochi: |
||
| 300 | _a236p | ||
| 650 | _aMalayalam | ||
| 942 |
_cBK _2ddc _h894.8123 _iBAB/M _k894.8123 _mBAB/M |
||